LIBRARY & INFORMATION CENTRE, KCAET, TAVANUR

ONLINE PUBLIC ACCESS CATALOGUE (OPAC)

Normal view MARC view
  • Fluid Mechanics

Entry Topical Term

Number of records used in: 2

001 - CONTROL NUMBER

  • control field: 163

003 - CONTROL NUMBER IDENTIFIER

  • control field: OSt

005 - DATE AND TIME OF LATEST TRANSACTION

  • control field: 20141210122250.0

008 - FIXED-LENGTH DATA ELEMENTS

  • fixed length control field: 141210|| aca||aabn | a|a d

040 ## - CATALOGING SOURCE

  • Original cataloging agency: OSt
  • Transcribing agency: OSt

150 ## - HEADING--TOPICAL TERM

  • Topical term or geographic name as entry element: Fluid Mechanics

670 ## - SOURCE DATA FOUND

  • Source citation: Work cat.: (OSt): Douglas, John F Gasiorek, Janusz M swaffield, John A Jack, Lynne B 162, Fluid Mechanics, 2013
free website counter